| 000 -LEADER |
| fixed length control field |
00892nam a2200229Ia 4500 |
| 001 - CONTROL NUMBER |
| control field |
774 |
| 003 - CONTROL NUMBER IDENTIFIER |
| control field |
GE_BSU |
| 008 - FIXED-LENGTH DATA ELEMENTS--GENERAL INFORMATION |
| fixed length control field |
181216s||||||||xx |||||||||||||| ||und|| |
| 040 ## - CATALOGING SOURCE |
| Transcribing agency |
GE_BSU |
| 080 ## - UNIVERSAL DECIMAL CLASSIFICATION NUMBER |
| Universal Decimal Classification number |
332.14+338.2 |
| 100 ## - MAIN ENTRY--PERSONAL NAME |
| Personal name |
ბარათაშვილი,ევგენი. ვეშაპიძე, შოთა |
| 245 ## - TITLE STATEMENT |
| Title |
რეგიონული ეკონომიკური პოლიტიკა |
| 245 ## - TITLE STATEMENT |
| Statement of responsibility, etc. |
რედ.თამაზ დანელია;ზაალ ანჯაფარიძე |
| 260 ## - PUBLICATION, DISTRIBUTION, ETC. |
| Place of publication, distribution, etc. |
თბილისი |
| 260 ## - PUBLICATION, DISTRIBUTION, ETC. |
| Name of publisher, distributor, etc. |
თბილისის სოცოალ–ეკონომიკ.ინ–ტი |
| 260 ## - PUBLICATION, DISTRIBUTION, ETC. |
| Date of publication, distribution, etc. |
2002 |
| 300 ## - PHYSICAL DESCRIPTION |
| Extent |
311გვ. |
| 653 ## - INDEX TERM--UNCONTROLLED |
| Uncontrolled term |
ეკონომიკა |
| 653 ## - INDEX TERM--UNCONTROLLED |
| Uncontrolled term |
რეგიონული ეკონომიკური პოლიტიკა |
| 942 ## - ADDED ENTRY ELEMENTS (KOHA) |
| Koha item type |
წიგნი |